01234nam a22003017a 4500003000400000005001700004008004100021040002200062082001800084100002500102245003000127260006000157300002100217366000800238490002600246505006400272505008400336505012300420505001200543650005500555650004700610650004800657650004300705650004500748650005600793650004700849700003600896OSt20230608142152.0221006b |||||||| |||| 00| 0 eng d cBiblioteca Lado V a709.05bG851a aGriffin, Timeeditor aArtforum/bInternacional/ aNew Yorkc2003bNew York editorial and business offices c26.5x27cma200p. espa aMayov2003x0864-1315 tCOLUMNSaPassages Slant Film Music Top Ten 10-20-30-40 tPreviewaSummer Exhibition US News Travel Brief From the Vault World Report tFeaturesaTelling Tales A thousand Words Feast for the Eyes Portfolio: Stephen Shore Louder than Words Openings  tReviews 2Tesauro de Arte & ArquitecturaaARTE COMTEMPORANEO 2Tesauro de Arte & ArquitecturaaFOTOGRAFIA 2Tesauro de Arte & ArquitecturaaARTE VISUAL 2Tesauro de Arte & ArquitecturaaLIBROS 2Tesauro de Arte & ArquitecturaaNOTICIAS 2 Tesauro de Arte & ArquitecturaaARTE INTERNACIONAL 2 Tesauro de Arte & ArquitecturaaESCULTURA aNavarreta, Jose Antonioeeditor